000 00642nam a22002177a 4500
003 UA-OsUOA
001 114066
007 ta
008 20151015b un ||||| |||| 00| 0 ukr d
100 _aПономаренко Н.М.
090 _a330(477)
_bП56
942 _cSA
040 _aUA-OsUOA
_bukr
_cUA-OsUOA
_dUA-OsUOA
245 _aОцінювання реальної вартості фінансових інвестицій
300 _aС.46-52
955 _a0
041 _aukr
080 _a330(477)
773 0 _w114063
_tСтатистика України
_dК.
_d2015
_g2
650 7 _a330 Економіка взагалі
_2UDC
999 _c399990
_d399990